|
|
|
|
| LEADER |
01210nam a2200325 a 4500 |
| 001 |
31351 |
| 003 |
BD-DhAAL |
| 005 |
20251210173105.0 |
| 008 |
161004s2010 nyu b 001 0 eng |
| 010 |
|
|
|a 2008055451
|
| 020 |
|
|
|a 9780374139568 (alk. paper)
|
| 020 |
|
|
|a 9780374532123
|
| 020 |
|
|
|a 0374139563 (alk. paper)
|
| 040 |
|
|
|a DLC
|c DLC
|d DLC
|d BD-DhAAL
|
| 050 |
0 |
0 |
|a HC800
|b .M69 2009
|
| 082 |
0 |
0 |
|a 338.91096
|2 22
|
| 100 |
1 |
|
|a Moyo, Dambisa.
|9 20537
|
| 245 |
1 |
0 |
|a Dead aid :
|b why aid is not working and how there is a better way for Africa /
|c Dambisa Moyo.
|
| 250 |
|
|
|a First American edition.
|
| 260 |
|
|
|a New York :
|b Farrar, Straus and Giroux,
|c 2010.
|
| 300 |
|
|
|a xx, 188 pages ;
|c 22 cm.
|
| 504 |
|
|
|a Includes bibliographical references (p. [164]-180) and index.
|
| 526 |
|
|
|a BIGD
|
| 541 |
|
|
|e 31351
|
| 650 |
|
0 |
|a Economic assistance
|z Africa.
|9 20538
|
| 650 |
|
0 |
|a Poor
|z Africa.
|9 20539
|
| 651 |
|
0 |
|a Africa
|x Economic conditions
|y 21st century.
|9 20540
|
| 942 |
|
|
|2 ddc
|c BK
|
| 999 |
|
|
|c 37807
|d 37807
|
| 952 |
|
|
|0 0
|1 0
|2 ddc
|4 0
|6 338_910960000000000_MOY
|7 0
|9 59646
|a BIGD
|b BIGD
|d 2016-09-25
|e Trim Education
|g 1310.00
|l 1
|m 11
|o 338.91096 MOY
|p 3050031351
|r 2026-03-08
|s 2025-12-11
|t 1
|v 1310.00
|w 2016-09-25
|y BK
|